[Event "Kieler Open 2019-A"]
[Site "Kiel"]
[Date "2019.07.30"]
[Round "6.38"]
[White "Olde, Henning"]
[Black "Freiknecht, Axel"]
[Result "1-0"]
[WhiteElo "1788"]
[BlackElo "1733"]
[Annotator "M.Z."]
[PlyCount "91"]
[EventDate "2019.??.??"]
[WhiteTeam "SK Kollmar"]
[BlackTeam "Bahn-SC Wuppertal"]

1. f4 c5 2. Nf3 d5 3. e3 a6 4. d4 e6 5. c3 Nf6 6. Bd3 Be7 7. Qe2 Nbd7 8. Nbd2
Qc7 9. Ne5 b6 10. O-O Bb7 11. Qf3 g6 12. Qh3 Ne4 13. Ndf3 Ndf6 14. Bxe4 Nxe4
15. Bd2 Nd6 16. Be1 h6 17. Bh4 g5 18. Bxg5 O-O-O 19. Bxe7 Qxe7 20. Rac1 Nf5 21.
Rfe1 Rdg8 22. a3 f6 23. Nd3 c4 24. Nb4 a5 25. Nc2 Rg4 26. Qxg4 h5 27. Qh3 h4
28. Re2 Kc7 29. g4 Qg7 30. Rg2 Ne7 31. g5 f5 32. Nce1 Bc6 33. Ne5 Be8 34. Qf3
Bh5 35. Qf2 Nc8 36. Qd2 Nd6 37. g6 b5 38. N1f3 Ne4 39. Ng5 Qf6 40. Nxe4 fxe4
41. Rg5 Qg7 42. Qf2 h3 43. Qg3 Kb7 44. Rf1 Be2 45. Rf2 Bd1 46. f5 1-0

[Event "Kieler Open 2019-A"]
[Site "Kiel"]
[Date "2019.07.30"]
[Round "6.39"]
[White "Hoppe, Marc"]
[Black "Schwerdt, Alwin Elias"]
[Result "1-0"]
[WhiteElo "1644"]
[BlackElo "1756"]
[Annotator "M.Z."]
[PlyCount "65"]
[EventDate "2019.??.??"]
[WhiteTeam "SF Olfen 1975"]
[BlackTeam "SV Bad Schwartau"]

1. d4 d5 2. Nf3 Nf6 3. Bf4 Bf5 4. e3 e6 5. Be2 Bd6 6. Bxd6 Qxd6 7. a3 Nbd7 8.
Nc3 a6 9. Nh4 Bg6 10. Nxg6 hxg6 11. h3 Rc8 12. Bf3 Nb6 13. e4 dxe4 14. Nxe4
Nxe4 15. Bxe4 c6 16. Qd3 Rd8 17. Rd1 Qc7 18. b3 f5 19. Bf3 e5 20. Qe3 e4 21. c4
Kf7 22. Be2 Rde8 23. f4 Rd8 24. Kf2 Rhe8 25. g4 Na8 26. Rhg1 Qe7 27. gxf5 Qh4+
28. Qg3 Qxg3+ 29. Rxg3 gxf5 30. Bh5+ Kg8 31. Bxe8 Rxe8 32. Rg5 Rf8 33. d5 1-0

[Event "Kieler Open 2019-A"]
[Site "Kiel"]
[Date "2019.07.30"]
[Round "6.40"]
[White "Gehlsen, René"]
[Black "Marcussen, Claus"]
[Result "1-0"]
[WhiteElo "1715"]
[BlackElo "1712"]
[Annotator "M.Z."]
[PlyCount "61"]
[EventDate "2019.??.??"]
[WhiteTeam "SV VHS Heide"]

1. d4 f5 2. c4 e6 3. a3 d5 4. Qc2 c6 5. Nf3 Nf6 6. Bf4 Bd6 7. Bxd6 Qxd6 8. c5
Qc7 9. e3 Nbd7 10. Bd3 O-O 11. Nc3 Ne4 12. Nd2 e5 13. O-O Rf6 14. f3 Nxd2 15.
Qxd2 f4 16. Rae1 Nf8 17. exf4 exd4 18. Ne2 Ne6 19. b4 Bd7 20. f5 Nf8 21. Nxd4
h6 22. Re7 Qd8 23. Rfe1 Rb8 24. g4 Be6 25. R7xe6 Nxe6 26. Nxe6 Qd7 27. h4 Re8
28. g5 Rexe6 29. Rxe6 Rxe6 30. fxe6 Qxe6 31. Qe2 1-0

[Event "Kieler Open 2019-A"]
[Site "Kiel"]
[Date "2019.07.30"]
[Round "6.41"]
[White "Samuelson, Bernd"]
[Black "Röhr, Susanne"]
[Result "0-1"]
[WhiteElo "1665"]
[BlackElo "1677"]
[Annotator "M.Z."]
[PlyCount "88"]
[EventDate "2019.??.??"]
[WhiteTeam "VSF Flintbek"]
[BlackTeam "Potsdamer SV Mitte"]

1. e4 c5 2. Nf3 e6 3. d4 cxd4 4. Nxd4 Nc6 5. Nc3 Qc7 6. Be2 a6 7. O-O Nf6 8. a3
Nxd4 9. Qxd4 Bd6 10. h3 O-O 11. Be3 b5 12. f3 Rb8 13. Rfd1 Be5 14. Qd2 Bb7 15.
Bd4 Bxd4+ 16. Qxd4 d5 17. Bd3 e5 18. Qf2 d4 19. Na2 Nh5 20. c3 Rbd8 21. Rac1
Qe7 22. Bc2 Nf4 23. cxd4 exd4 24. Nb4 Qg5 25. Kf1 Rd6 26. Nd3 Nh5 27. Bb3 Bxe4
28. Qd2 Bxd3+ 29. Qxd3 Nf4 30. Qc2 Kh8 31. Qf2 Qf6 32. Rd2 Rfd8 33. Rcd1 a5 34.
Bc2 d3 35. Bb1 Qg5 36. h4 Qf5 37. Ba2 Re8 38. Qa7 Qe5 39. Kg1 Ne2+ 40. Kh1 Qg3
41. Rxe2 dxe2 42. Re1 Qxe1+ 43. Kh2 Qxh4+ 44. Kg1 Rd1# 0-1

[Event "Kieler Open 2019-A"]
[Site "Kiel"]
[Date "2019.07.30"]
[Round "6.42"]
[White "Quiring, Nikolai"]
[Black "Wenske, Hardy"]
[Result "1-0"]
[WhiteElo "2018"]
[BlackElo "1749"]
[Annotator "M.Z."]
[PlyCount "89"]
[EventDate "2019.??.??"]
[WhiteTeam "SV VHS Rendsburg"]
[BlackTeam "Kieler SG"]

1. d4 d5 2. c4 c6 3. cxd5 cxd5 4. Nc3 Nf6 5. Bf4 a6 6. e3 Nc6 7. Bd3 e6 8. Rc1
Bd6 9. Bxd6 Qxd6 10. f4 Qb4 11. Qe2 O-O 12. Nf3 Ne7 13. O-O g6 14. Ne5 Ne8 15.
g4 f5 16. h3 Nf6 17. Qg2 Nd7 18. Nxd7 Bxd7 19. gxf5 exf5 20. Nxd5 Qd6 21. Nxe7+
Qxe7 22. Qd5+ Be6 23. Qe5 Rad8 24. Rc7 Rd7 25. Rfc1 Re8 26. Rxd7 Bxd7 27. Bc4+
Be6 28. Bxe6+ Qxe6 29. Rc7 Qxe5 30. fxe5 h5 31. h4 Kf8 32. Kf2 b5 33. Kf3 Kg8
34. Kf4 Kf8 35. Kg5 Re6 36. Kf4 Re8 37. d5 Kg8 38. e6 Kf8 39. Ke5 g5 40. hxg5
Kg8 41. d6 h4 42. d7 Kf8 43. Kf6 Rb8 44. Rc8+ Rxc8 45. dxc8=Q# 1-0

[Event "Kieler Open 2019-A"]
[Site "Kiel"]
[Date "2019.07.30"]
[Round "6.43"]
[White "Rommeck, Christiane"]
[Black "Tran, Minh Dat"]
[Result "0-1"]
[WhiteElo "1567"]
[BlackElo "1559"]
[Annotator "M.Z."]
[PlyCount "82"]
[EventDate "2019.??.??"]
[WhiteTeam "VSF Flintbek"]
[BlackTeam "SC Agon Neumünster"]

1. e4 g6 2. d4 Bg7 3. Be3 c6 4. Bd3 d5 5. e5 e6 6. Nf3 b6 7. c3 Ba6 8. O-O h5
9. Bg5 Ne7 10. Nh4 c5 11. Qa4+ Qd7 12. Qxd7+ Kxd7 13. Bxa6 Nxa6 14. Nd2 cxd4
15. cxd4 Nc6 16. Nb3 Bh6 17. f4 Nab4 18. Nf3 a5 19. a4 Nd3 20. Bxh6 Rxh6 21.
Ng5 Ke7 22. Rab1 Rc8 23. g3 Ncb4 24. Nc1 Rc2 25. Nxd3 Nxd3 26. b3 Rh8 27. Nf3
Rhc8 28. Ne1 Nxe1 29. Rfxe1 Rd2 30. Red1 Rcc2 31. Rxd2 Rxd2 32. b4 Rxd4 33.
bxa5 bxa5 34. Rb7+ Kf8 35. Rb8+ Kg7 36. h3 Rxa4 37. Kf2 Ra1 38. Ra8 a4 39. Ke2
a3 40. Kf2 a2 41. h4 Rh1 0-1

[Event "Kieler Open 2019-A"]
[Site "Kiel"]
[Date "2019.07.30"]
[Round "6.44"]
[White "Rouditser, Benjamin"]
[Black "Inani, Darpan"]
[Result "1/2-1/2"]
[WhiteElo "1815"]
[BlackElo "1956"]
[Annotator "M.Z."]
[PlyCount "226"]
[EventDate "2019.??.??"]
[WhiteTeam "Lasker Steglitz"]

1. d4 d5 2. c4 e6 3. Nc3 Nf6
4. Bg5 Be7 5. e3 Nbd7 6. cxd5 exd5 7. Bd3 c6 8. Nge2 h6 9. Bh4 Nh5 10. Bxe7
Qxe7 11. Qc2 Nb6 12. a4 a5 13. O-O O-O 14. Rae1 Bd7 15. Nc1 f5 16. Nb3 Nc8 17.
Nc5 Nd6 18. f3 Rae8 19. Qb3 Bc8 20. e4 fxe4 21. Bxe4 Qf6 22. Nxd5 cxd5 23.
Qxd5+ Kh8 24. Qxh5 Qxd4+ 25. Kh1 Nxe4 26. Nxe4 Rxe4 27. fxe4 Rxf1+ 28. Rxf1
Qxe4 29. h3 Kh7 30. b3 Be6 31. Qf3 Qxf3 32. Rxf3 Bd5 33. Rf5 Bxb3 34. Rxa5 Bc2
35. Ra7 Be4 36. Kg1 Kg6 37. Kf2 Kf6 38. Ra8 h5 39. g3 Bc6 40. a5 Kf5 41. Rf8+
Ke5 42. Rf7 g6 43. Ke3 Bd5 44. Rg7 Kf6 45. Rd7 Ke6 46. Rc7 Ke5 47. Rc2 Be6 48.
Rb2 Bd5 49. Rb6 Kf5 50. g4+ hxg4 51. hxg4+ Kxg4 52. Rxg6+ Kf5 53. Rb6 Ke5 54.
Rb5 Kd6 55. Kd4 Bc6 56. Rb6 Kc7 57. Kc5 Kb8 58. Rb1 Ka7 59. Rb6 Bf3 60. Kd6 Bg2
61. Kc7 Bf3 62. Kd6 Bg2 63. Kc5 Bf3 64. Rf6 Bc6 65. Rd6 Ka6 66. Rd8 Ka7 67. a6
Be4 68. Kb4 Bc6 69. Rc8 Kxa6 70. Kc5 Ka7 71. Rh8 Be4 72. Rh2 Bc6 73. Ra2+ Kb8
74. Kb6 Kc8 75. Rd2 Be4 76. Rh2 Kd7 77. Rh6 Bc6 78. Kc5 Be4 79. Rh4 Bc6 80. Rh6
Be4 81. Kd4 Bc6 82. Ke5 Bf3 83. Rh3 Bg2 84. Rh2 Bf3 85. Rc2 Bh1 86. Kd4 Bc6 87.
Re2 Kd6 88. Rh2 Ke6 89. Rf2 Bh1 90. Rf1 Bc6 91. Rf4 Bh1 92. Rh4 Bc6 93. Rh5 Bf3
94. Re5+ Kf6 95. Re8 Bc6 96. Rf8+ Ke6 97. Rf1 Bg2 98. Rg1 Bc6 99. Rg6+ Kf5 100.
Rd6 Bg2 101. Rb6 Bc6 102. Rb2 Ke6 103. Rh2 Kf5 104. Rh5+ Ke6 105. Ke3 Bd5 106.
Rh6+ Ke5 107. Rh5+ Ke6 108. Kf4 Bc6 109. Rc5 Kd6 110. Rc1 Bd5 111. Ke3 Ke5 112.
Rb1 Bc6 113. Rxb7 Bxb7 1/2-1/2

[Event "Kieler Open 2019-A"]
[Site "Kiel"]
[Date "2019.07.31"]
[Round "7.1"]
[White "Carlstedt, Jonathan"]
[Black "Pluska, Alexander"]
[Result "1-0"]
[WhiteElo "2408"]
[BlackElo "2207"]
[Annotator "ER"]
[PlyCount "31"]
[EventDate "2019.??.??"]
[WhiteTeam "Hamburger SK von 1830 eV"]
[BlackTeam "SK Doppelbauer Kiel"]

1. d4 Nf6 2. Nf3 c5 3. e3 g6 4. dxc5 Bg7 5. Be2 Na6 6. c4 O-O 7. O-O Ne4 8. Nd4
Naxc5 9. b4 Ne6 10. Bb2 Qb6 11. a3 a5 12. Nd2 Nxd2 13. Qxd2 d6 14. Rfc1 Bd7 15.
Nxe6 Bxb2 16. Nxf8 1-0

[Event "Kieler Open 2019-A"]
[Site "Kiel"]
[Date "2019.07.31"]
[Round "7.2"]
[White "Legky, Nikolay A"]
[Black "Lanka, Zigurds"]
[Result "1/2-1/2"]
[WhiteElo "2397"]
[BlackElo "2395"]
[Annotator "ER"]
[PlyCount "26"]
[EventDate "2019.??.??"]
[WhiteTeam "Odessa, Ukraine"]
[BlackTeam "SC Viernheim 1934"]

1. e4 e5 2. Nf3 Nc6 3. Bb5 a6 4. Ba4 Nf6 5. O-O Be7 6. Re1 b5 7. Bb3 d6 8. c3
O-O 9. h3 Bb7 10. d3 Re8 11. Ng5 Rf8 12. Nf3 Re8 13. Ng5 Rf8 1/2-1/2

[Event "Kieler Open 2019-A"]
[Site "Kiel"]
[Date "2019.07.31"]
[Round "7.3"]
[White "Simantsev, Mikhail"]
[Black "Melamed, Tatjana"]
[Result "1/2-1/2"]
[WhiteElo "2346"]
[BlackElo "2351"]
[Annotator "ER"]
[PlyCount "31"]
[EventDate "2019.??.??"]
[WhiteTeam "Charkiw, Ukraine"]
[BlackTeam "SG Aufbau Elbe Magdeburg"]

1. d4 Nf6 2. c4 e6 3. Nf3 b6 4. g3 Ba6 5. Qa4 Bb7 6. Bg2 c5 7. dxc5 bxc5 8. O-O
Be7 9. Nc3 O-O 10. Rd1 Qb6 11. Bf4 d6 12. Rab1 Nbd7 13. b4 cxb4 14. Rxb4 Bc6
15. Qb3 Qc5 16. Na4 1/2-1/2

[Event "Kieler Open 2019-A"]
[Site "Kiel"]
[Date "2019.07.31"]
[Round "7.4"]
[White "Arndt, Magnus"]
[Black "Köllner, Ruben Gideon"]
[Result "1-0"]
[WhiteElo "2313"]
[BlackElo "2315"]
[Annotator "ER"]
[PlyCount "121"]
[EventDate "2019.??.??"]
[WhiteTeam "SK Doppelbauer Kiel"]
[BlackTeam "SG Bochum 1931"]

1. e4 e5 2. Nf3 Nc6 3. d4 exd4 4. Nxd4 Bb4+ 5. c3 Bc5 6. Be3 Bb6 7. Nf5 Bxe3 8.
Nxe3 Nf6 9. Bd3 O-O 10. O-O Re8 11. Nd2 Ne5 12. Bc2 d6 13. h3 Ned7 14. Re1 Nc5
15. Qf3 Nfd7 16. Qg3 Re6 17. f4 Nf6 18. Nf5 Ne8 19. Rad1 Bd7 20. Nf3 Rf6 21.
N3d4 Ne6 22. e5 Rg6 23. Qf2 Nxd4 24. cxd4 Bxf5 25. Bxf5 Rh6 26. d5 c6 27. e6
fxe6 28. dxe6 Qe7 29. Qd4 Rf6 30. Bg4 g6 31. h4 h5 32. Bh3 d5 33. Re5 Ng7 34.
Rde1 Rd8 35. g3 b6 36. b4 Rd6 37. Qd3 b5 38. Qd4 Nf5 39. Bxf5 gxf5 40. Qd1
Rdxe6 41. Qxh5 Qf7 42. Qxf7+ Kxf7 43. Rxe6 Rxe6 44. Rxe6 Kxe6 45. Kf2 Kf6 46.
Ke3 Kg6 47. Kd4 Kf6 48. h5 Ke6 49. h6 Kf6 50. h7 Kg7 51. Ke5 Kxh7 52. Kxf5 Kg7
53. g4 Kf7 54. Ke5 Kg6 55. f5+ Kf7 56. g5 Kg7 57. f6+ Kf7 58. Kf5 Kg8 59. g6
Kf8 60. Ke6 d4 61. f7 1-0

[Event "Kieler Open 2019-A"]
[Site "Kiel"]
[Date "2019.07.31"]
[Round "7.5"]
[White "Köllner, Christof"]
[Black "Wanner, Lukas"]
[Result "1/2-1/2"]
[WhiteElo "2091"]
[BlackElo "2085"]
[Annotator "ER"]
[PlyCount "103"]
[EventDate "2019.??.??"]
[WhiteTeam "SV Bergneustadt/Dersch"]
[BlackTeam "SK Doppelbauer Kiel"]

1. d4 g6 2. Nf3 Bg7 3. Nbd2 d6 4. e4 Nf6 5. Bc4 O-O 6. O-O Nc6 7. c3 e5 8. dxe5
Nxe5 9. Nxe5 dxe5 10. Qc2 Qe7 11. a4 Nh5 12. Nf3 Bg4 13. Ne1 Qf6 14. f3 Bd7 15.
g3 Rfd8 {(=)} 16. Ng2 Be6 17. Bxe6 Qxe6 18. Bg5 Bf6 19. Be3 Be7 20. Rfd1 a6 21.
Bf2 Nf6 22. Ne3 Bc5 23. Rxd8+ Rxd8 24. Rd1 Rd6 25. Kg2 Bxe3 26. Rxd6 Qxd6 27.
Bxe3 Kg7 28. Qe2 Qc6 29. Qd2 Qd7 30. Bh6+ Kg8 31. Qg5 Qd6 32. Qe3 b6 33. Qe2 a5
34. Qa6 Qd8 35. Qb7 Kh8 36. Bg5 Kg7 37. Qc6 Qd6 38. Qxd6 cxd6 39. Be3 Nd7 40.
b4 Kf6 41. Kf2 Ke6 42. Ke2 d5 43. exd5+ Kxd5 44. Kd3 f5 45. c4+ Kc6 46. Kc3
axb4+ 47. Kxb4 Nc5 48. Bd2 Nd3+ 49. Kc3 Nc5 50. Kb4 Nd3+ 51. Kc3 Nc5 52. Kb4
1/2-1/2

[Event "Kieler Open 2019-A"]
[Site "Kiel"]
[Date "2019.07.31"]
[Round "7.6"]
[White "Voloshin, Leonid"]
[Black "Franz, Karsten"]
[Result "1/2-1/2"]
[WhiteElo "2376"]
[BlackElo "2219"]
[Annotator "ER"]
[PlyCount "36"]
[EventDate "2019.??.??"]
[WhiteTeam "SG Speyer-Schwegenheim 2012"]
[BlackTeam "SV Dresden-Leuben"]

1. d4 g6 2. e4 Bg7 3. Nc3 d6 4. Be3 Nf6 5. f3 c6 6. Qd2 b5 7. h4 Qc7 8. Nh3
Nbd7 9. Nf4 h5 10. Be2 Bb7 11. a4 b4 12. Nd1 a5 13. c3 c5 14. d5 Ne5 15. Rc1
O-O 16. c4 Rfe8 17. b3 e6 18. O-O Rad8 1/2-1/2

[Event "Kieler Open 2019-A"]
[Site "Kiel"]
[Date "2019.07.31"]
[Round "7.7"]
[White "Horn, Peter"]
[Black "Braun, Georg"]
[Result "1/2-1/2"]
[WhiteElo "2137"]
[BlackElo "2307"]
[Annotator "ER"]
[PlyCount "118"]
[EventDate "2019.??.??"]
[WhiteTeam "SC Concordia SAbt Palame"]
[BlackTeam "SK Bebenhausen"]

1. c4 c5 2. Nf3 Nf6 3. Nc3 Nc6 4. e3 d5 5. cxd5 Nxd5 6. d4 e6 7. Bd3 cxd4 8.
exd4 Be7 9. O-O O-O 10. Re1 Nf6 11. Bg5 b6 12. a3 Bb7 13. Bc2 Rc8 14. Qd3 g6
15. Rad1 Ng4 16. Bf4 Bd6 17. Bg5 Be7 18. Bf4 Na5 19. Qe2 Nf6 20. Bh6 Re8 21.
Ne5 Bf8 22. Bg5 Bg7 23. Ba4 Re7 24. Ng4 Nxg4 25. Bxe7 Qxe7 26. Qxg4 Nc4 27. Qe2
Qg5 28. f3 Qd8 29. Bb3 Na5 30. Ba2 Bxd4+ 31. Kh1 Qf6 32. Ne4 Bxe4 33. Qxe4 Bxb2
34. a4 Qe7 35. Re2 Bf6 36. g3 Nb7 37. Kg2 Nc5 38. Qb4 Qc7 39. Rc2 Be7 40. Qb5
Bf8 41. Rcd2 a6 42. Qc4 Qc6 43. Bb3 Be7 44. h4 b5 45. axb5 axb5 46. Qc3 Nxb3
47. Qxb3 b4 48. Rd7 Bf8 49. Qe3 Rc7 50. Rd8 Qc5 51. Qxc5 Rxc5 52. Rb8 Kg7 53.
Rd7 h5 54. Rbb7 Rf5 55. Kf2 Bc5+ 56. Ke2 Re5+ 57. Kf1 Rf5 58. Ke2 Re5+ 59. Kf1
Rf5 1/2-1/2

[Event "Kieler Open 2019-A"]
[Site "Kiel"]
[Date "2019.07.31"]
[Round "7.8"]
[White "Lebeda, Timo"]
[Black "Schulze, Lara"]
[Result "0-1"]
[WhiteElo "2107"]
[BlackElo "2253"]
[Annotator "ER"]
[PlyCount "94"]
[EventDate "2019.??.??"]
[WhiteTeam "SK Bebenhausen"]
[BlackTeam "SK Lehrte von 1919"]

1. Nf3 Nf6 2. g3 b5 3. Bg2 Bb7 4. O-O e6 5. d3 d6 6. e4 Nbd7 7. Nbd2 c5 8. a4
a6 9. Re1 Be7 10. h4 O-O 11. Nh2 Qc7 12. g4 Ne8 13. g5 f6 14. Qg4 e5 15. g6
hxg6 16. Qxg6 f5 17. Qe6+ Rf7 18. axb5 axb5 19. Rxa8 Bxa8 20. Bh3 Nf8 21. Qa2
Bb7 22. Bxf5 Bxh4 23. Ndf3 Bd8 24. Ng5 Bxg5 25. Bxg5 Bc8 26. Bxc8 Qxc8 27. Re3
Ne6 28. Bh4 Kf8 29. Nf3 N8c7 30. Qb1 Nf4 31. Nh2 g5 32. Bg3 Nce6 33. Qd1 Ke7
34. c3 b4 35. Qa4 Qb8 36. Qc2 Qa8 37. Qd1 Qa2 38. cxb4 cxb4 39. Qd2 Nd4 40.
Bxf4 gxf4 41. Re1 Rg7+ 42. Kh1 Qe6 43. Rg1 Rh7 44. Qc1 Rxh2+ 45. Kxh2 Nf3+ 46.
Kg2 Qg4+ 47. Kh1 Qh3# 0-1

[Event "Kieler Open 2019-A"]
[Site "Kiel"]
[Date "2019.07.31"]
[Round "7.9"]
[White "Latzke, Boris"]
[Black "Ruhland, Cliff"]
[Result "1/2-1/2"]
[WhiteElo "2212"]
[BlackElo "1965"]
[Annotator "ER"]
[PlyCount "104"]
[EventDate "2019.??.??"]
[WhiteTeam "SK Bebenhausen"]
[BlackTeam "Itzehoer SV von 1923"]

1. d4 Nf6 2. c4 c5 3. d5 e6 4. Nc3 exd5 5. cxd5 d6 6. e4 a6 7. a4 g6 8. h3 Bg7
9. Nf3 Nbd7 10. Bd3 Nh5 11. Bg5 Bf6 12. Be3 Ne5 13. Be2 Nxf3+ 14. Bxf3 Ng7 15.
O-O Be5 16. Be2 f5 17. Qd2 Qf6 18. exf5 Nxf5 19. f4 Bd4 20. Bxd4 Qxd4+ 21. Qxd4
Nxd4 22. Bg4 Bf5 23. Rae1+ Kf7 24. Bxf5 gxf5 25. Kf2 h5 26. Ne2 Nc2 27. Rc1 Nb4
28. Rfd1 Rae8 29. Ng1 Re4 30. Nf3 Kf6 31. g3 Rhe8 32. Rd2 c4 33. Rc3 Nd3+ 34.
Kf1 b5 35. axb5 axb5 36. Rcc2 Re3 37. Kg2 Nb4 38. Rc3 Re2+ 39. Kf1 Rxd2 40.
Nxd2 Nxd5 41. Ra3 Ne3+ 42. Kg1 Nd1 43. Ra6 Re1+ 44. Nf1 Ke6 45. Rb6 Nxb2 46.
Rxb5 c3 47. Rb8 c2 48. Re8+ Kf7 49. Rxe1 Nd3 50. Ra1 c1=Q 51. Rxc1 Nxc1 52. Kf2
Nd3+ 1/2-1/2

[Event "Kieler Open 2019-A"]
[Site "Kiel"]
[Date "2019.07.31"]
[Round "7.10"]
[White "Kaulich, Philipp Theodor"]
[Black "Gombert, Reiner"]
[Result "1-0"]
[WhiteElo "2177"]
[BlackElo "1918"]
[Annotator "ER"]
[PlyCount "133"]
[EventDate "2019.??.??"]
[WhiteTeam "Kieler SG"]
[BlackTeam "Schleswiger SV von 1919"]

1. e4 c5 2. c3 e6 3. d4 d5 4. exd5 exd5 5. Nf3 Nc6 6. Bb5 Bd6 7. dxc5 Bxc5 8.
O-O Nge7 9. Nbd2 O-O 10. Nb3 Bd6 11. Bg5 f6 12. Bh4 Be6 13. Nbd4 Bf7 14. Re1
Ne5 15. Bg3 a6 16. Be2 N7g6 17. Nf5 Nxf3+ 18. Bxf3 Bxg3 19. hxg3 Ne5 20. Qd4
Qd7 21. Ne3 Rad8 22. Rad1 Rfe8 23. Bxd5 Bxd5 24. Qxd5+ Qxd5 25. Nxd5 Kf7 26.
Ne3 b5 27. Rxd8 Rxd8 28. Rd1 Rd3 29. Kf1 Ke6 30. Ke2 Rxd1 31. Nxd1 g6 32. Ne3
Kd6 33. f4 Nd7 34. b4 Nb6 35. Kd3 h5 36. c4 Nc8 37. c5+ Ke6 38. Ke4 Ne7 39. Nc2
f5+ 40. Kd3 Ng8 41. Nd4+ Kd5 42. Ne2 Ne7 43. Nc3+ Ke6 44. Ne2 Kd5 {(=)} 45. Nd4
Ng8 46. Nf3 Ne7 47. a3 Nc6 48. Ne1 Ne7 49. Nc2 Nc6 50. Ne3+ Ke6 51. Kc3 Ne7 52.
Kb3 Nc6 53. Kc3 Ne7 54. Kd4 Nc6+ 55. Kd3 Ne7 56. Nd1 Kd5 57. Nc3+ Ke6 58. a4
Nc6 59. axb5 axb5 60. Nxb5 Nxb4+ 61. Kc4 Na6 62. c6 Ke7 63. Kd5 Nb4+ 64. Kc5
Na6+ 65. Kb6 Nb4 66. c7 Nd5+ 67. Kc6 1-0

[Event "Kieler Open 2019-A"]
[Site "Kiel"]
[Date "2019.07.31"]
[Round "7.11"]
[White "Rendboe, John Filip"]
[Black "Schmidt, Peter"]
[Result "1/2-1/2"]
[WhiteElo "2136"]
[BlackElo "1881"]
[Annotator "ER"]
[PlyCount "95"]
[EventDate "2019.??.??"]
[WhiteTeam "Aarhus Skakklub/Skolerne"]
[BlackTeam "Kieler SG"]

1. d4 Nf6 2. c4 c5 3. d5 b5 4. cxb5 a6 5. bxa6 g6 6. Nc3 Bxa6 7. Nf3 Bg7 8. g3
d6 9. Bg2 Nbd7 10. O-O Nb6 11. Re1 O-O 12. e4 Nfd7 13. Qc2 Nc4 14. Bg5 h6 15.
Bf4 Qa5 16. Rac1 Rfb8 17. b3 Nce5 18. Red1 c4 19. Nd4 cxb3 20. axb3 Rc8 21. Nc6
Nxc6 22. dxc6 Rxc6 23. e5 Rac8 24. Bxc6 Rxc6 25. b4 Qd8 26. Qa4 Bb7 27. Qa7 Rb6
28. Nd5 Bxd5 29. Rxd5 Nxe5 30. Bxe5 Bxe5 31. Rc7 Rxb4 32. Rxe7 Qc8 33. Qd7 Qxd7
{(=)} 34. Rxd7 g5 35. Rd2 Kg7 36. Rd3 g4 37. Ra7 Kg6 38. Raa3 h5 39. Rab3 Rc4
40. Rb1 h4 41. Rbd1 hxg3 42. hxg3 f5 43. Kg2 f4 44. gxf4 Bxf4 45. Rd5 Be5 46.
Rxd6+ Bxd6 47. Rxd6+ Kf5 48. Rd8 1/2-1/2

[Event "Kieler Open 2019-A"]
[Site "Kiel"]
[Date "2019.07.31"]
[Round "7.12"]
[White "Rieper, Julian"]
[Black "Saglam, Bülent"]
[Result "1-0"]
[WhiteElo "2062"]
[BlackElo "2125"]
[Annotator "ER"]
[PlyCount "65"]
[EventDate "2019.??.??"]
[WhiteTeam "SK Doppelbauer Kiel"]
[BlackTeam "SK Doppelbauer Kiel"]

1. e4 e5 2. Nf3 Nc6 3. Bb5 a6 4. Ba4 Nf6 5. O-O Be7 6. Re1 b5 7. Bb3 d6 8. c3
Na5 9. Bc2 c5 10. d4 Qc7 11. h3 Nc6 12. a4 Rb8 13. d5 Nd8 14. Nbd2 h6 15. Nf1
Nh7 16. Ng3 g5 17. Nh2 Bf8 18. Nh5 f6 19. axb5 axb5 20. Qf3 Bg7 21. Ng4 Qf7 22.
Ne3 Qg6 23. g4 Qf7 24. c4 b4 25. Ba4+ Bd7 26. Nxg7+ Qxg7 27. Nf5 Qf8 28. Bxd7+
Kxd7 29. Ra6 Nb7 30. Qb3 Ke8 31. Qa4+ Kf7 32. Qd7+ Kg8 33. Qe6+ 1-0

[Event "Kieler Open 2019-A"]
[Site "Kiel"]
[Date "2019.07.31"]
[Round "7.13"]
[White "Pick, Stefan"]
[Black "Haffner, Alexander"]
[Result "1-0"]
[WhiteElo "2019"]
[BlackElo "2117"]
[Annotator "ER"]
[PlyCount "185"]
[EventDate "2019.??.??"]
[WhiteTeam "SK Kerpen 64"]
[BlackTeam "SC Agon Neumünster"]

1. Nf3 Nf6 2. c4 g6 3. Nc3 Bg7 4. g3 O-O 5. Bg2 d6 6. d4 c6 7. O-O Bg4 8. Qc2
Na6 9. Rd1 Rc8 10. a3 Qa5 11. h3 Bd7 12. Bg5 h6 13. b4 Qd8 14. Bf4 Nc7 15. e4
d5 16. exd5 cxd5 17. c5 Bf5 18. Qb3 Ne4 19. Ne5 Nxc3 20. Qxc3 Kh7 21. g4 Be6
22. Qd3 Qe8 23. a4 a6 24. Re1 Bd7 25. Nxd7 Qxd7 26. Bxc7 Rxc7 27. b5 axb5 28.
axb5 e6 29. Ra7 Qd8 30. b6 Re7 31. f4 f5 32. g5 hxg5 33. fxg5 Rff7 34. h4 Qb8
35. Rf1 Qc8 36. Rd1 Qb8 37. Qf3 Kg8 38. Bf1 Qc8 39. Qa3 Re8 40. Bb5 Ref8 41.
Qc3 Qb8 42. Rf1 Rc8 43. Be2 Rc6 44. Bb5 Rc8 45. h5 gxh5 46. Be2 Bh8 47. g6 Re7
48. Bxh5 Bf6 49. Qe3 Kg7 50. Rf2 Rh8 51. Rh2 e5 52. c6 exd4 53. Qf2 Qe8 54.
Rxb7 Rxb7 55. cxb7 Be5 56. Rh4 Qe6 57. Bf3 Qxg6+ 58. Kf1 Rd8 59. Rh1 Qxb6 60.
Qg2+ Qg6 61. Qh3 Bg3 62. Qh5 Qxh5 63. Rxh5 Kg6 64. Rh3 f4 65. Bxd5 Kg5 66. Be4
Kg4 67. Rh7 f3 68. Rf7 Bf4 69. Bf5+ Kg3 70. Rg7+ Kh2 71. Kf2 Rh8 72. Kxf3 Be5
73. Rg2+ Kh1 74. Re2 Bb8 75. Rc2 Rf8 76. Ke4 d3 77. Rd2 Re8+ 78. Kf3 Rf8 79.
Kg4 Rg8+ 80. Kh5 Bf4 81. Rd1+ Kh2 82. Bxd3 Rg5+ 83. Kh4 Rd5 84. Kg4 Bb8 85.
Rd2+ Kg1 86. Kf3 Rd7 87. Rg2+ Kh1 88. Be4 Rf7+ 89. Ke3 Ba7+ 90. Kd3 Rd7+ 91.
Kc3 Re7 92. Ra2+ Rxe4 93. Rxa7 1-0

[Event "Kieler Open 2019-A"]
[Site "Kiel"]
[Date "2019.07.31"]
[Round "7.14"]
[White "Wunder, Niklas"]
[Black "Dannehr, Jürgen"]
[Result "1/2-1/2"]
[WhiteElo "2095"]
[BlackElo "1909"]
[Annotator "ER"]
[PlyCount "56"]
[EventDate "2019.??.??"]
[WhiteTeam "Weiler/Allgäu"]
[BlackTeam "SV Gifhorn"]

1. e4 e6 2. d4 d5 3. Nc3 Nf6 4. e5 Nfd7 5. f4 c5 6. Nf3 Nc6 7. Be3 a6 8. Qd2 b5
9. dxc5 Bxc5 10. Bd3 Qb6 11. Bxc5 Nxc5 12. O-O-O b4 13. Ne2 a5 14. Kb1 Ba6 15.
f5 Bxd3 16. cxd3 exf5 17. Qg5 Ne6 18. Qxf5 Ne7 19. Qg4 O-O 20. h4 a4 21. h5 a3
22. b3 h6 23. Ned4 Rac8 24. Qh4 Rc7 25. Nc2 Rxc2 26. Kxc2 Nf5 27. Qe1 Ne3+ 28.
Kb1 Nxd1 1/2-1/2

[Event "Kieler Open 2019-A"]
[Site "Kiel"]
[Date "2019.07.31"]
[Round "7.15"]
[White "Röhr, Tobias"]
[Black "Wendler, David"]
[Result "1-0"]
[WhiteElo "2054"]
[BlackElo "2094"]
[Annotator "ER"]
[PlyCount "111"]
[EventDate "2019.??.??"]
[WhiteTeam "SG Aufbau Elbe Magdeburg"]
[BlackTeam "SK Bebenhausen"]

1. d4 Nf6 2. c4 c5 3. d5 b5 4. cxb5 a6 5. bxa6 g6 6. Nc3 Bg7 7. a7 Rxa7 8. e4
O-O 9. Nf3 e6 10. Be2 exd5 11. exd5 d6 12. O-O Na6 13. Bf4 Nc7 14. h3 Re8 15.
Bc4 Ne4 16. Nb5 Rb7 17. Nxc7 Qxc7 18. Re1 Bxb2 19. Rb1 Bg7 20. Rxb7 Bxb7 21.
Qb1 f5 22. Ng5 Bc3 23. Nxe4 fxe4 24. Rxe4 Rxe4 25. Qxe4 Qd7 26. Qe6+ Qf7 27.
Qxd6 Bd4 28. Qb8+ Kg7 29. Be5+ Kh6 30. Bxd4 cxd4 31. Qe5 d3 32. Qe3+ g5 33.
Qxd3 Qf4 34. Bb3 Bc8 35. Qc4 Qf8 36. Qc6+ Kg7 37. d6 Qd8 38. Qc7+ Qxc7 39. dxc7
Kf6 40. Bd1 Ke7 41. Bg4 Bxg4 42. hxg4 Kd7 43. g3 Kxc7 44. f4 h6 45. f5 Kd7 46.
a4 Ke7 47. a5 Kf6 48. a6 h5 49. gxh5 g4 50. a7 Kxf5 51. a8=Q Kg5 52. Qh8 Kf5
53. h6 Kg6 54. h7 Kh5 55. Qg8 Kh6 56. h8=R# 1-0

[Event "Kieler Open 2019-A"]
[Site "Kiel"]
[Date "2019.07.31"]
[Round "7.16"]
[White "Besenthal, Klaus-Günther"]
[Black "Dittmann, Hans-Adolf"]
[Result "1-0"]
[WhiteElo "2070"]
[BlackElo "2068"]
[Annotator "ER"]
[PlyCount "93"]
[EventDate "2019.??.??"]
[WhiteTeam "SC Schachelschweine"]
[BlackTeam "Preetzer TSV"]

1. d4 Nf6 2. Bf4 b6 3. e3 Bb7 4. Nf3 e6 5. Nbd2 Bd6 6. Bxd6 cxd6 7. Bd3 d5 8.
Qe2 Ne4 9. O-O O-O 10. c4 f5 11. Rfc1 d6 12. cxd5 Bxd5 13. Bc4 Nd7 14. Bxd5
exd5 15. Rc2 Rc8 16. Rac1 Rxc2 17. Rxc2 Ndf6 18. Qb5 Kh8 19. Nxe4 fxe4 20. Ng5
Qe7 21. Qc6 h6 22. Nh3 g5 23. Qc7 Rf7 24. Qc8+ Kg7 25. Kf1 Qd7 26. Qxd7 Rxd7
27. Ng1 Kf7 28. Ne2 Ke6 29. Rc8 Rf7 30. h3 h5 31. Ke1 h4 32. Nc3 Rd7 33. Nb5
Rg7 34. Ra8 g4 35. hxg4 Nxg4 36. Rxa7 Rg5 37. Nc7+ Kf6 38. Ne8+ Ke6 39. Rg7
Rxg7 40. Nxg7+ Kd7 41. Nf5 Kc6 42. Ne7+ Kb5 43. Nxd5 Kc6 44. Ne7+ Kb5 45. Nf5
d5 46. Nxh4 Kc4 47. Ke2 1-0